00386cam a2200157ua 45000010005000000080039000050400009000440410008000530820012000611000025000732450054000982500009001522600033001613000011001946530023002057277141205n ii |||gr||||Z||||||ben cMAIN aben a891.443 aThakur, R.,eAuthor. aRabindra upannyas samagracBy Rabindranath Thakur a1st. aCalcutta:bChatterji,c2006. a1312p. aBengali literature